00577nam a2200157Ia 4500003000900000005001700009008004200026040003300068041000900101080001300110100002000123245011200143246010200255260003800357300002400395LK-CoDNM20240227124424.0010623t1873 xxu||||| |||| 00| 1 Pali d aLK-CoDNMdLK-CoDNMeLK-CoDNM aPali a104 V4.1 aSumangala thero aපාළි නාම වරනැගිල්ල සහ ආඛ්‍යාත වරනැගිල්ල aDeclension and Conjugation of Paali Words with Aakyaata Vyaakhayaa or Explanation of Conjugations bSastradhaara pressaColomboc1873 bDamageda80p.,22 cm